Statistics for Countries and Languages #3

Click here to take the quiz!

General Stats

  • This quiz has been taken 222 times
  • The average score is 21 of 30

Answer Stats

LanguageCountry% Correct
NepaliNepal
98%
FlemishBelgium
95%
SicilianItaly
95%
ScotsUnited Kingdom
95%
VenetianItaly
94%
NavajoUnited States
93%
SanskritIndia
89%
BretonFrance
88%
Yucatec MayaMexico
87%
GalicianSpain
87%
JinChina
87%
NeapolitanItaly
86%
SwahiliTanzania
85%
UyghurChina
82%
AragoneseSpain
81%
InuitDenmark
80%
Nynorsk*Norway
73%
MalagasyMadagascar
69%
Kordofan NubianSudan
66%
MalayalamIndia
65%
Manx*United Kingdom
64%
MonégasqueMonaco
60%
PirahãBrazil
59%
Western AramaicSyria
48%
AlemannicSwitzerland
43%
TuaregNiger
39%
SenecaUnited States
31%
Q'eqchi'Guatemala
26%
ZamboangaPhilippines
16%
DomariEgypt
11%

Score Distribution

Percentile by Number Answered

Percent of People with Each Score

Your Score History

You have not taken this quiz